Les 32 clubs de ligue des champions 2020 avec indice - Statistiques

Statistiques générales
  • Ce quiz a été pris 831 fois
  • Le résultat moyen est 25 sur 32
Statistiques - réponses
Joueur Jouant dans ce club Pays Club % Correct
Luka Modric Espagne Real Madrid
100%
Anthony Lopes France Lyon
98%
Olivier Giroud Angleterre Chelsea
97%
Romelu Lukaku Italie Inter Milan
97%
Jadon Sancho Allemagne Dortmund
95%
Robert Lewandoski Allemagne Bayern Munich
94%
Cristiano Ronaldo Italie Juventus
92%
Jan Oblak Espagne Atletico de Madrid
90%
Roberto Firmino Angleterre Liverpool
90%
Hugo Lloris Angleterre Tottenham
90%
Danilo Pays Bas Ajax
89%
Edison Cavani France Paris Saint Germain
87%
Xeka France Lille
86%
Lionel Messi Espagne Barcelone
85%
Julian Weigl Portugal Benfica
85%
Sergio Aguero Angleterre Manchester City
84%
Dries Mertens Italie Naples
84%
Malcom Russie Zenith
80%
Timo Werner Allemagne Leipzig
77%
Fernando Muslera Turquie Galatasaray
75%
Mathieu Valbuena Grèce Olympiakos
74%
Luis Muriel Italie Atalanta
73%
Tete Ukraine Donetsk
71%
Bruno Petkovic Croatie Dinamo Zagreb
70%
Simon Mignolet Belgique Bruges
69%
Rodrigo Espagne Valence
69%
Petr Sevcik République Tchèque Slavia Prague
61%
Junya Ito Belgique Genk
58%
Leon Bailay Allemagne Bayer Leverkusen
56%
Patson Daka Autriche Red Bull Salzbourg
56%
Zoran Popovic Serbie Etoile Rouge de Belgrade
54%
Eder Russie Lokomotiv Moscou
48%
Aucun quiz correspondant
Distribution des résultats
% des personnes avec chaque résultat
Percentile par nombre de réponses
Votre historique - résultats
Vous n’avez pas pris ce quiz